Statistics for Chelsea 2010's Starting XI

Click here to take the quiz!

General Stats

  • This quiz has been taken 203 times
  • The average score is 32 of 38

Answer Stats

Player % Correct
Eden Hazard
100%
Petr Cech
98%
Thibaut Courtois
97%
John Terry
96%
Kepa Arrizabalaga
96%
Didier Drogba
96%
N'Golo Kanté
95%
Frank Lampard
94%
David Luiz
93%
César Azpilicueta
91%
Fernando Torres
91%
Nemanja Matic
90%
Marcos Alonso
90%
Pedro
90%
Branislav Ivanovic
90%
Willian
90%
Antonio Rüdiger
89%
Mateo Kovacic
88%
Gary Cahill
88%
Diego Costa
88%
Michael Ballack
87%
Cesc Fabregas
85%
Michael Essien
84%
Victor Moses
83%
John Obi Mikel
83%
Alvaro Morata
82%
Jorginho
82%
Ricardo Carvalho
82%
Ashley Cole
82%
Oscar
78%
Juan Mata
75%
Florent Malouda
75%
Ramires
74%
Nicolas Anelka
74%
José Bosingwa
68%
Raul Meireles
55%
Daniel Sturridge
53%
Tiemoué Bakayoko
45%

Score Distribution

Percentile by Number Answered

Percent of People with Each Score

Your Score History

You have not taken this quiz